000 00679cam a22002054a 4500
001 12603953
005 20250225153402.0
008 011130s2002 paua bf 001 0 eng
020 _a9780803609365
050 0 0 _aRM666.H33
_bB37 2002
082 0 0 _a615/.321
_221
100 1 _aBascom, Angella,
_d1956-
245 1 0 _aIncorporating herbal medicine into clinical practice /
_cAngella Bascom.
260 _aPhiladelphia :
_bF.A. Davis,
_cc2002.
300 _axiii, 332 p. :
_bill. ;
_c23 cm.
650 0 _aHerbs
_xTherapeutic use
_vHandbooks, manuals, etc.
650 1 2 _aPlants, Medicinal
_xtherapeutic use
_vHandbooks.
650 2 2 _aClinical Medicine
_vHandbooks.
942 _2lcc
_cBK
_n0
999 _c4339
_d4339